00232nam a2200085Ia 4500008004100000041000800041100001800049245004400067260003500111241105s9999 xx 000 0 und d aeng aKhalde Rutuja aSchool Of Architecture With Allied Arts bFinal Year B. Arch, BNCAc2014